000 00741cam a2200253 a 4500
001 4398219
005 20171218083053.0
008 920904s1993 nyua b 001 0 eng c
010 _a 92049473
020 _a0070701776 :
_c$65.00
020 _a0071129960 (Internat. ed.)
040 _aDNLM/DLC
_cDLC
_dDLC
041 _aeng
060 _aWB 176 W647d
080 _a616.0472 STA
082 0 0 _a616.0472 STA
_220
100 1 _a6
101 _aSHM
245 1 0 _aDifferential diagnosis of acute pain :
_cStanley L. Wiener.
504 _aIncludes bibliographical references and index.
906 _a7
_bcbc
_corignew
_d1
_eocip
_f19
_gy-gencatlg
942 _2ddc
_cBK
999 _c39105
_d39105